|
|
|
|
| LEADER |
00000naa2a2200000 4500 |
| 001 |
383772 |
| 005 |
20231101063151.0 |
| 035 |
|
|
|a (RuTPU)RU\TPU\prd\9686
|
| 090 |
|
|
|a 383772
|
| 100 |
|
|
|a 20030113a2002 k y0rusy50 ca
|
| 101 |
0 |
|
|a rus
|
| 102 |
|
|
|a UN
|
| 200 |
1 |
|
|a Аналитический расчёт сильного формоизменения импульсно нагруженных эллиптических пластин
|f В. Н. Сторожук, В. А. Ромащенко, П. П. Лепихин, С. В. Жураховский
|
| 225 |
1 |
|
|a Научно-технический раздел
|
| 320 |
|
|
|a Библиогр.: 10 назв.
|
| 461 |
|
1 |
|0 (RuTPU)RU\TPU\prd\1695
|x 0556-171X
|t Проблемы прочности
|l Strength of Materials
|o научно-технический журнал
|f Национальная академия наук Украины (НАНУ, НАН Украины), Институт проблем прочности им. Г. С. Писаренко (ИПП)
|d 1969-
|
| 463 |
|
1 |
|0 (RuTPU)RU\TPU\prd\5104
|t № 3
|v С. 127-133
|d 2002
|
| 610 |
1 |
|
|a эллиптические пластины
|
| 610 |
1 |
|
|a импульсное нагружение
|
| 610 |
1 |
|
|a интенсивность деформаций
|
| 610 |
1 |
|
|a упрочнение
|
| 610 |
1 |
|
|a большие прогибы
|
| 675 |
|
|
|a 539.4
|v 3
|
| 701 |
|
1 |
|a Сторожук
|b В. Н.
|
| 701 |
|
1 |
|a Ромащенко
|b В. А.
|
| 701 |
|
1 |
|a Лепихин
|b П. П.
|
| 701 |
|
1 |
|a Жураховский
|b С. В.
|
| 801 |
|
1 |
|a RU
|b 63413507
|c 20030113
|g PSBO
|
| 801 |
|
2 |
|a RU
|b 63413507
|c 20121001
|g RCR
|
| 942 |
|
|
|c BK
|